00668 2200229 4500001002100000005001500021035002000036245013400056100002000190250000600210300003300216700001900249260004500268082001200313084001800325020001800343650000900361990001700370990001700387990001700404990001700421INLIS00000000000084420190312023039 a0010-03190000571 aLebih Dekat Dengan Lautku Volume 3 :bPanduan Bagi Pelajar dalam Melestarikan Laut /cMartyn Bramwell; Penerjemah, Yunita Farlina0 aMartyn Bramwell a- a64 hlm. :bilus. ;c29,7 cm.0 aYunita Farlina aBandung :bGrafindo Media Pratama,c2007 a551.456 a551.456 MAR l a979-758-527-1 aLaut a03025/H/2018 a03026/H/2018 a03027/H/2018 a03028/H/2018